| 000 | 00905nmc a2200301 a 4500 | ||
|---|---|---|---|
| 003 | AR-BaBNM | ||
| 005 | 20251128210904.0 | ||
| 008 | 151020s1997 ||||||||||||||000 | spa|| | ||
| 020 | _a950-550-696-7 | ||
| 040 | _cAR-BaBNM | ||
| 100 | 1 | _aNarváez, Adriana Edith | |
| 245 | 1 | 0 | _aEl "cómo" de la interdisciplina |
| 260 |
_aBuenos Aires _bMagisterio del Río de la Plata _c1997 |
||
| 300 | 0 |
_a142 p. _btablas |
|
| 490 | 0 | _aRespuestas educativas. EGB - Polimodal | |
| 504 | _aContiene referencias bibliográficas p. 139-142 | ||
| 650 | 4 | _aENFOQUE INTERDISCIPLINARIO | |
| 650 | 4 | _aPLANIFICACION | |
| 653 | 0 | _aEDUCACION GENERAL BASICA | |
| 653 | 0 | _aEDUCACION POLIMODAL | |
| 653 | 0 | _aPROYECTOS CURRICULARES | |
| 653 | 0 | _aESTRATEGIAS DIDACTICAS | |
| 653 | 0 | _aMAPAS CONCEPTUALES | |
| 700 | 1 | _aMotta, Sandra Laura | |
| 800 | 1 | _aStarico de Accomo, Mabel N. | |
| 942 | _cBK | ||
| 998 | _cRAQUEL | ||
| 999 |
_c17309 _d17309 |
||